Espejismos y milagros : (Registro nro. 7372)
[ vista simple ]
| 000 -LEADER | |
|---|---|
| fixed length control field | 01504nam a22003017a 4500 |
| 003 - CONTROL NUMBER IDENTIFIER | |
| control field | OSt |
| 005 - DATE AND TIME OF LATEST TRANSACTION | |
| control field | 20210228174557.0 |
| 008 - FIXED-LENGTH DATA ELEMENTS--GENERAL INFORMATION | |
| fixed length control field | 210228s1992 ck a|||gr|||| 00| 0 spa d |
| 020 ## - INTERNATIONAL STANDARD BOOK NUMBER | |
| International Standard Book Number | 958601360X |
| 040 ## - CATALOGING SOURCE | |
| Original cataloging agency | CO-JMCR |
| Transcribing agency | CO-JMCR |
| 041 0# - LANGUAGE CODE | |
| Language code of text/sound track or separate title | spa |
| 082 04 - DEWEY DECIMAL CLASSIFICATION NUMBER | |
| Classification number | 338.9 / |
| Item number | L764e |
| Edition number | 21 |
| 100 1# - MAIN ENTRY--PERSONAL NAME | |
| Personal name | Lipietz, Alain, |
| Relator term | autor |
| 9 (RLIN) | 14100 |
| 245 10 - TITLE STATEMENT | |
| Title | Espejismos y milagros : |
| Remainder of title | problemas de la industrialización en el Tercer Mundo / |
| Statement of responsibility, etc. | por Alain Lipietz |
| 250 ## - EDITION STATEMENT | |
| Edition statement | Primera edición |
| 260 ## - PUBLICATION, DISTRIBUTION, ETC. | |
| Place of publication, distribution, etc. | Bogotá : |
| Name of publisher, distributor, etc. | Tercer Mundo, |
| Date of publication, distribution, etc. | 1992 |
| 300 ## - PHYSICAL DESCRIPTION | |
| Extent | 231 páginas : |
| Other physical details | ilustraciones ; |
| Dimensions | 23 cm |
| 490 0# - SERIES STATEMENT | |
| Series statement | Economía |
| 500 ## - GENERAL NOTE | |
| General note | Coedición: Universidad Nacional de Colombia |
| 504 ## - BIBLIOGRAPHY, ETC. NOTE | |
| Bibliography, etc. note | Bibliografía: páginas 219-231 |
| 505 0# - FORMATTED CONTENTS NOTE | |
| Formatted contents note | Cuestiones de método -- Suertes y desgracias del régimen de acumulación central: el fordismo -- La antigua división internacional del trabajo, o: ¿qué diablos fue a hacer el capitalismo en la periferia? -- ¿Hacia una "mundialización del fordismo"? -- Sobre los fordismos periféricos de Europa del Sur -- Suertes y desgracias del fordismo periférico -- A manera de conclusión -- Posfacio para la edición española 1989: ¿en qué situación estamos? |
| 650 14 - SUBJECT ADDED ENTRY--TOPICAL TERM | |
| Topical term or geographic name entry element | Industrialización |
| Geographic subdivision | Países en desarrollo |
| 9 (RLIN) | 14101 |
| 650 14 - SUBJECT ADDED ENTRY--TOPICAL TERM | |
| Topical term or geographic name entry element | Productividad del trabajo |
| Geographic subdivision | Países en desarrollo |
| 9 (RLIN) | 14102 |
| 650 14 - SUBJECT ADDED ENTRY--TOPICAL TERM | |
| Topical term or geographic name entry element | Fordismo |
| 9 (RLIN) | 14103 |
| 651 14 - SUBJECT ADDED ENTRY--GEOGRAPHIC NAME | |
| Geographic name | Países en desarrollo |
| General subdivision | Productividad industrial |
| 9 (RLIN) | 14104 |
| 651 14 - SUBJECT ADDED ENTRY--GEOGRAPHIC NAME | |
| Geographic name | Países en desarrollo |
| General subdivision | Industrias |
| 9 (RLIN) | 14105 |
| 942 ## - ADDED ENTRY ELEMENTS (KOHA) | |
| Source of classification or shelving scheme | Dewey Decimal Classification |
| Koha item type | Books |
| Withdrawn status | Lost status | Source of classification or shelving scheme | Damaged status | Not for loan | Home library | Current library | Date acquired | Source of acquisition | Total Checkouts | Full call number | Barcode | Date last seen | Copy number | Price effective from | Koha item type |
|---|---|---|---|---|---|---|---|---|---|---|---|---|---|---|---|
| Dewey Decimal Classification | Biblioteca Pública José María del Castillo y Rada | Biblioteca Pública José María del Castillo y Rada | 02/28/2021 | Donación | 338.9 / L764e | 201810455 | 05/16/2024 | Ej.1 | 02/28/2021 | Books |